[Event "Karpos Open 2016"]
[Site "Skopje, MKD"]
[Date "2016.04.03"]
[Round "4"]
[Board "5"]
[White "Kovacevic, Aleksandar"]
[Black "Annaberdiev, Meilis"]
[Result "0-1"]
[WhiteElo "2520"]
[BlackElo "2460"]
[PlyCount "72"]
[EventDate "2016.04.01"]
[EventRounds "9"]
[EventCountry "MKD"]

1. e4 c5 2. Nf3 e6 3. d4 cxd4 4. Nxd4 Nc6 5. Nc3 Qc7 6. Be3 Nf6 7. Qd2 a6 8. f4
Bb4 9. Bd3 Na5 10. a3 Bxc3 11. Qxc3 Qxc3+ 12. bxc3 d5 13. exd5 exd5 14. Nb3 Nc4
15. Bd4 Ne4 16. O-O O-O 17. Rfe1 Ncd6 18. Nc5 Bf5 19. Na4 Nb5 20. Nb6 Rad8 21.
a4 Nxd4 22. cxd4 Rfe8 23. a5 h5 24. Ra3 h4 25. Na4 Nd6 26. Kf1 Bxd3+ 27. Rxd3
Nc4 28. Nc5 Nxa5 29. Rh3 Nc4 30. Nxb7 Rxe1+ 31. Kxe1 Re8+ 32. Kf2 Re4 33. Rxh4
Rxd4 34. Nc5 Rd2+ 35. Kf3 a5 36. c3 Rc2 0-1

[Event "Karpos Open 2016"]
[Site "Skopje, MKD"]
[Date "2016.04.03"]
[Round "4"]
[Board "6"]
[White "Pancevski, Filip"]
[Black "Polatel, Ali"]
[Result "1/2-1/2"]
[WhiteElo "2500"]
[BlackElo "2106"]
[PlyCount "111"]
[EventDate "2016.04.01"]
[EventRounds "9"]
[EventCountry "MKD"]

1. g3 d5 2. Bg2 Nf6 3. d3 e5 4. Nf3 Nc6 5. O-O Be7 6. c3 a5 7. Nbd2 O-O 8. e4
Re8 9. Re1 dxe4 10. dxe4 a4 11. Bf1 Bd7 12. Rb1 Bf8 13. b4 axb3 14. axb3 Bg4
15. b4 h6 16. Qc2 Qc8 17. Bb2 Nh7 18. h4 Nf6 19. Nh2 Bh3 20. Be2 Be6 21. Nhf1
Nb8 22. Ne3 Nbd7 23. Ra1 Rxa1 24. Rxa1 Qb8 25. Ra5 c6 26. Bc1 Bd6 27. Nf5 Bc7
28. Ra3 Bxf5 29. exf5 e4 30. Nf1 Ne5 31. c4 Neg4 32. Bg5 hxg5 33. hxg5 Qc8 34.
gxf6 Nxf6 35. Ne3 Be5 36. Bf1 Bd4 37. Bh3 Qc7 38. Kg2 Qe7 39. Qd2 Rd8 40. Qe1
Nh5 41. Ng4 Nf6 42. Nxf6+ Bxf6 43. Re3 Rd4 44. c5 Qe5 45. Kh2 Qd5 46. Bg2 Qxf5
47. Rxe4 Qh5+ 48. Bh3 Qf3 49. Bg2 Qh5+ 50. Bh3 Qf3 51. Bg2 Rxe4 52. Qxe4 Qxe4
53. Bxe4 Bc3 54. Bf5 Bxb4 55. Bc8 Bxc5 56. Bxb7 1/2-1/2

[Event "Karpos Open 2016"]
[Site "Skopje, MKD"]
[Date "2016.04.03"]
[Round "4"]
[Board "7"]
[White "Neelotpal, Das"]
[Black "Ivanisevic, Ivan"]
[Result "1/2-1/2"]
[WhiteElo "2457"]
[BlackElo "2651"]
[PlyCount "180"]
[EventDate "2016.04.01"]
[EventRounds "9"]
[EventCountry "MKD"]

1. e4 c5 2. Nf3 e6 3. d4 cxd4 4. Nxd4 Nc6 5. Nc3 Qc7 6. Be2 a6 7. O-O Nf6 8.
Kh1 h5 9. f4 Nxd4 10. Qxd4 b5 11. e5 Ng4 12. Bf3 Bb7 13. Qd3 Rc8 14. Bd2 Nh6
15. Bxb7 Qxb7 16. a4 b4 17. Ne4 Nf5 18. c4 bxc3 19. Bxc3 h4 20. Rfe1 Be7 21.
Rad1 Qc6 22. b3 Rb8 23. Ba5 O-O 24. Rc1 Qd5 25. Qxd5 exd5 26. Nc5 Bxc5 27. Rxc5
Rxb3 28. Rxd5 Rc8 29. Rxd7 Ra3 30. e6 fxe6 31. Bc7 Rxa4 32. Kg1 Rc4 33. Be5 Rc2
34. Red1 Kh7 35. g4 hxg3 36. hxg3 Re2 37. R7d2 Rxd2 38. Rxd2 Nxg3 39. Rd6 Ra8
40. Rxe6 a5 41. Kg2 Nf5 42. Kf3 a4 43. Ke4 g6 44. Rb6 a3 45. Rb1 Kg8 46. Rb6
Ne7 47. Kd3 Ra4 48. Kc2 a2 49. Ba1 Rxf4 50. Kb3 g5 51. Kxa2 g4 52. Be5 Re4 53.
Rb5 Kf7 54. Kb2 Ke6 55. Bb8 Nc6 56. Bg3 Nd4 57. Rg5 Kf6 58. Rg8 Nf5 59. Bc7 Kf7
60. Rg5 Kf6 61. Rg8 Ne7 62. Rf8+ Ke6 63. Kc3 Nd5+ 64. Kd3 Ra4 65. Bb8 Ra8 66.
Bd6 Ra1 67. Bc5 g3 68. Ke4 g2 69. Kf3 g1=Q 70. Bxg1 Rxg1 71. Ke4 Rg4+ 72. Kd3
Nf6 73. Ra8 Ke5 74. Ra5+ Nd5 75. Ra8 Rg3+ 76. Kd2 Nc3 77. Ra7 Kd4 78. Ra8 Rg2+
79. Kc1 Ne4 80. Rd8+ Ke3 81. Re8 Rh2 82. Re7 Rh6 83. Kc2 Rc6+ 84. Kb3 Kd4 85.
Rd7+ Nd6 86. Rd8 Ra6 87. Rd7 Rb6+ 88. Kc2 Rc6+ 89. Kd2 Ra6 90. Kc2 Kd5 1/2-1/2

[Event "Karpos Open 2016"]
[Site "Skopje, MKD"]
[Date "2016.04.03"]
[Round "4"]
[Board "8"]
[White "Markus, Robert"]
[Black "Bogdanovski, Vlatko"]
[Result "1-0"]
[WhiteElo "2651"]
[BlackElo "2408"]
[PlyCount "55"]
[EventDate "2016.04.01"]
[EventRounds "9"]
[EventCountry "MKD"]

1. d4 Nf6 2. c4 e6 3. Nf3 Bb4+ 4. Bd2 Qe7 5. g3 Bxd2+ 6. Qxd2 Nc6 7. b3 d5 8.
Bg2 O-O 9. O-O b6 10. Nc3 Bb7 11. cxd5 exd5 12. Rfc1 Rfd8 13. Qb2 Ne4 14. Rab1
Qf6 15. e3 Nb4 16. Ne5 Nxc3 17. Rxc3 c5 18. a3 Na6 19. b4 cxb4 20. axb4 Qd6 21.
b5 Nc7 22. Rbc1 Ne8 23. Bh3 Qh6 24. Bd7 Nd6 25. Rc7 Rab8 26. Qa2 Nc4 27. Nxc4
dxc4 28. Bc6 1-0

[Event "Karpos Open 2016"]
[Site "Skopje, MKD"]
[Date "2016.04.03"]
[Round "4"]
[Board "9"]
[White "Romanov, Evgeny"]
[Black "Radlovacki, Jovan"]
[Result "1/2-1/2"]
[WhiteElo "2635"]
[BlackElo "2343"]
[PlyCount "83"]
[EventDate "2016.04.01"]
[EventRounds "9"]
[EventCountry "MKD"]

1. d4 Nf6 2. Nf3 d6 3. c4 Bf5 4. Nc3 h6 5. g3 e6 6. Bg2 c6 7. d5 e5 8. O-O Qc8
9. c5 Qd7 10. Be3 cxd5 11. Nxd5 Nxd5 12. Qxd5 Nc6 13. cxd6 Bxd6 14. Nd2 O-O 15.
Ne4 Be7 16. Qxd7 Bxd7 17. Nc5 Bxc5 18. Bxc5 Rfe8 19. b4 e4 20. Rfd1 Bg4 21. Kf1
Bf5 22. Rd5 g6 23. b5 Nd8 24. Bd4 Ne6 25. Bf6 Rac8 26. a4 Rc4 27. h3 h5 28. Kg1
Nc5 29. a5 Be6 30. Rd6 Nb3 31. Ra3 Rb4 32. b6 axb6 33. axb6 Nc5 34. Bd4 Rc4 35.
Ra7 Bc8 36. Ra8 Kf8 37. Rd5 Ne6 38. Bf6 Rc6 39. Bxe4 Rxb6 40. Re5 Bd7 41. Ra7
Nf4 42. Rxe8+ 1/2-1/2

[Event "Karpos Open 2016"]
[Site "Skopje, MKD"]
[Date "2016.04.03"]
[Round "4"]
[Board "10"]
[White "Yilmazyerli, Mert"]
[Black "Georgiev, Kiril"]
[Result "1/2-1/2"]
[WhiteElo "2444"]
[BlackElo "2631"]
[PlyCount "47"]
[EventDate "2016.04.01"]
[EventRounds "9"]
[EventCountry "MKD"]

1. e4 c5 2. Ne2 Nf6 3. Nbc3 d6 4. d4 cxd4 5. Nxd4 a6 6. Bg5 e6 7. f4 Qb6 8. Qd2
Qxb2 9. Rb1 Qa3 10. f5 Nc6 11. fxe6 fxe6 12. Nxc6 bxc6 13. Be2 Be7 14. O-O O-O
15. Rb3 Qc5+ 16. Be3 Qe5 17. Bd4 Qa5 18. Bb6 Qe5 19. Bd4 Qa5 20. Bb6 Qe5 21.
Bd4 Qa5 22. Bb6 Qe5 23. Bd4 Qa5 24. Bb6 1/2-1/2

[Event "Karpos Open 2016"]
[Site "Skopje, MKD"]
[Date "2016.04.03"]
[Round "4"]
[Board "11"]
[White "Maiorov, Nikita"]
[Black "Plenca, Jadranko"]
[Result "1-0"]
[WhiteElo "2547"]
[BlackElo "2400"]
[PlyCount "81"]
[EventDate "2016.04.01"]
[EventRounds "9"]
[EventCountry "MKD"]

1. d4 d5 2. c4 dxc4 3. Nf3 Nf6 4. e3 b5 5. a4 b4 6. Bxc4 e6 7. O-O Be7 8. Nbd2
Bb7 9. Nb3 a5 10. Qe2 Nbd7 11. Bd2 O-O 12. Rfc1 Ne4 13. Be1 c5 14. Bb5 cxd4 15.
exd4 Ndf6 16. Ne5 Qd5 17. Bc4 Qd8 18. Qd1 Rc8 19. Bb5 Qb6 20. Nc4 Qa7 21. Ncxa5
Bd5 22. Nc6 Bxc6 23. Bxc6 Rfd8 24. Qf3 Ng5 25. Qe2 h5 26. a5 Nd5 27. Bxd5 exd5
28. Qxh5 Rc4 29. Bd2 Ne6 30. Be3 Bf6 31. Rxc4 dxc4 32. d5 Nf4 33. Qf3 Qe7 34.
Bxf4 Bxb2 35. Rf1 cxb3 36. Qxb3 Qf6 37. Bc7 Re8 38. Qxb4 Re2 39. Bb6 Bc3 40.
Qc4 Rd2 41. Be3 1-0

[Event "Karpos Open 2016"]
[Site "Skopje, MKD"]
[Date "2016.04.03"]
[Round "4"]
[Board "12"]
[White "Tsolakidou, Stavroula"]
[Black "Mastrovasilis, Athanasios"]
[Result "1/2-1/2"]
[WhiteElo "2355"]
[BlackElo "2538"]
[PlyCount "30"]
[EventDate "2016.04.01"]
[EventRounds "9"]
[EventCountry "MKD"]

1. d4 Nf6 2. c4 e6 3. g3 d5 4. Bg2 Bb4+ 5. Nd2 O-O 6. Ngf3 b6 7. O-O Bb7 8. Ne5
Be7 9. cxd5 exd5 10. Ndc4 Ne4 11. Ne3 Nd7 12. Qc2 Nxe5 13. dxe5 Bc5 14. Rd1 Qe8
15. b4 Bxe3 1/2-1/2

[Event "Karpos Open 2016"]
[Site "Skopje, MKD"]
[Date "2016.04.03"]
[Round "4"]
[Board "13"]
[White "Konguvel, Ponnuswamy"]
[Black "Valsecchi, Alessio"]
[Result "0-1"]
[WhiteElo "2368"]
[BlackElo "2492"]
[PlyCount "52"]
[EventDate "2016.04.01"]
[EventRounds "9"]
[EventCountry "MKD"]

1. e4 c5 2. Nf3 e6 3. d4 cxd4 4. Nxd4 Nf6 5. Nc3 d6 6. g4 h6 7. h4 Nc6 8. Rg1
h5 9. gxh5 Nxh5 10. Bg5 Nf6 11. Be2 a6 12. Qd2 Qb6 13. Nb3 Bd7 14. O-O-O Qxf2
15. h5 Nxh5 16. e5 Ng3 17. Be3 Nxe2+ 18. Nxe2 Qf3 19. Rg3 Qd5 20. Qxd5 exd5 21.
exd6 Be6 22. Nc3 O-O-O 23. Bf4 Rh5 24. Nc5 Kb8 25. N3a4 d4 26. Bg5 Bxd6 0-1

[Event "Karpos Open 2016"]
[Site "Skopje, MKD"]
[Date "2016.04.03"]
[Round "4"]
[Board "14"]
[White "Milanovic, Danilo"]
[Black "Piasetski, Leon"]
[Result "1-0"]
[WhiteElo "2485"]
[BlackElo "2282"]
[PlyCount "35"]
[EventDate "2016.04.01"]
[EventRounds "9"]
[EventCountry "MKD"]

1. d4 Nf6 2. c4 e6 3. Nc3 Bb4 4. e3 O-O 5. Nge2 Re8 6. a3 Bf8 7. Ng3 d6 8. Bd3
e5 9. O-O exd4 10. exd4 c5 11. d5 Ng4 12. Be2 Qh4 13. h3 Nxf2 14. Kxf2 g5 15.
Qd3 Nd7 16. Kg1 Ne5 17. Qe3 h6 18. Nge4 1-0

[Event "Karpos Open 2016"]
[Site "Skopje, MKD"]
[Date "2016.04.03"]
[Round "4"]
[Board "15"]
[White "Nedev, Trajko"]
[Black "Koksal, Ege"]
[Result "1-0"]
[WhiteElo "2474"]
[BlackElo "2322"]
[PlyCount "35"]
[EventDate "2016.04.01"]
[EventRounds "9"]
[EventCountry "MKD"]

1. e4 d6 2. d4 e5 3. Nf3 Nd7 4. Bc4 Be7 5. dxe5 dxe5 6. Qd5 Bb4+ 7. c3 Qe7 8.
cxb4 Nb6 9. Qd3 Qxb4+ 10. Nbd2 Nxc4 11. Qxc4 Qxc4 12. Nxc4 f6 13. Be3 Be6 14.
Rc1 Ne7 15. a3 O-O-O 16. Bxa7 b6 17. Nxb6+ Kb7 18. Na4 1-0

[Event "Karpos Open 2016"]
[Site "Skopje, MKD"]
[Date "2016.04.03"]
[Round "4"]
[Board "16"]
[White "Ali Marandi, Cemil Can"]
[Black "Strugnell, Carl"]
[Result "1/2-1/2"]
[WhiteElo "2473"]
[BlackElo "2193"]
[PlyCount "64"]
[EventDate "2016.04.01"]
[EventRounds "9"]
[EventCountry "MKD"]

1. b3 Nf6 2. Bb2 e6 3. Nf3 d5 4. g3 c5 5. Bg2 Nc6 6. O-O Be7 7. e3 O-O 8. c4 d4
9. exd4 cxd4 10. Re1 Bc5 11. d3 Re8 12. Na3 e5 13. Nc2 Qd6 14. a3 a5 15. Rb1 h6
16. Nd2 Bf5 17. Ne4 Bxe4 18. dxe4 d3 19. Ne3 Nd4 20. Kh1 Ne2 21. Bf3 Bxe3 22.
Rxe2 Bc5 23. Rd2 Rad8 24. Bc3 Qb6 25. b4 axb4 26. axb4 Bd4 27. c5 Qc7 28. Rb3
b6 29. Bxd4 Rxd4 30. Rbxd3 bxc5 31. bxc5 Rxd3 32. Rxd3 Qxc5 1/2-1/2

[Event "Karpos Open 2016"]
[Site "Skopje, MKD"]
[Date "2016.04.03"]
[Round "4"]
[Board "17"]
[White "Brkic, Ante"]
[Black "Blagojevic, Tijana"]
[Result "1-0"]
[WhiteElo "2598"]
[BlackElo "2273"]
[PlyCount "57"]
[EventDate "2016.04.01"]
[EventRounds "9"]
[EventCountry "MKD"]

1. e4 e5 2. Nf3 Nc6 3. Bb5 Nf6 4. d3 Bc5 5. Bxc6 dxc6 6. Nbd2 O-O 7. Qe2 Re8 8.
Nc4 Nd7 9. Bd2 Bd6 10. O-O-O Nf8 11. h4 b5 12. Ne3 Be6 13. Kb1 c5 14. h5 Qc8
15. Nh4 Qa6 16. b3 Nd7 17. Nef5 Bf8 18. Qg4 c4 19. Bh6 cxb3 20. cxb3 Bxf5 21.
Nxf5 g6 22. Rh3 Ba3 23. Rdh1 b4 24. hxg6 fxg6 25. Bg5 gxf5 26. Qxf5 Nf8 27. Bf6
Re6 28. Rg3+ Kf7 29. Rxh7+ 1-0

[Event "Karpos Open 2016"]
[Site "Skopje, MKD"]
[Date "2016.04.03"]
[Round "4"]
[Board "18"]
[White "Vujacic, Borivoje"]
[Black "Saric, Ante"]
[Result "0-1"]
[WhiteElo "2253"]
[BlackElo "2587"]
[PlyCount "44"]
[EventDate "2016.04.01"]
[EventRounds "9"]
[EventCountry "MKD"]

1. e4 e6 2. d4 d5 3. Nd2 c5 4. Ngf3 cxd4 5. exd5 Qxd5 6. Bc4 Qd6 7. O-O Nf6 8.
Nb3 Nc6 9. Nbxd4 Nxd4 10. Nxd4 Be7 11. c3 Bd7 12. Qf3 Qc7 13. Bd3 O-O 14. Re1
Rfe8 15. Bf4 Bd6 16. Bxd6 Qxd6 17. Rad1 Qb6 18. b3 e5 19. Nf5 g6 20. Qg3 e4 21.
Nd6 Nh5 22. Nc4 Qd8 0-1

[Event "Karpos Open 2016"]
[Site "Skopje, MKD"]
[Date "2016.04.03"]
[Round "4"]
[Board "19"]
[White "Saraci, Nderim"]
[Black "Blagojevic, Dragisa"]
[Result "1/2-1/2"]
[WhiteElo "2243"]
[BlackElo "2509"]
[PlyCount "44"]
[EventDate "2016.04.01"]
[EventRounds "9"]
[EventCountry "MKD"]

1. d4 d5 2. Bf4 c5 3. dxc5 Nc6 4. Nf3 e6 5. e4 Nf6 6. exd5 Nxd5 7. Bd6 Bxd6 8.
cxd6 Qxd6 9. c4 Qb4+ 10. Qd2 Qxd2+ 11. Nbxd2 Ndb4 12. Kd1 a5 13. a3 Na6 14. Kc2
e5 15. Nxe5 Nxe5 16. Re1 Bf5+ 17. Kc1 f6 18. f4 O-O-O 19. fxe5 Rhe8 20. Be2
Rxe5 21. Bd1 Rde8 22. Nf3 Rxe1 1/2-1/2

[Event "Karpos Open 2016"]
[Site "Skopje, MKD"]
[Date "2016.04.03"]
[Round "4"]
[Board "20"]
[White "Ivanov, Stojan Emilov"]
[Black "Antic, Dejan"]
[Result "1-0"]
[WhiteElo "2231"]
[BlackElo "2478"]
[PlyCount "101"]
[EventDate "2016.04.01"]
[EventRounds "9"]
[EventCountry "MKD"]

1. d4 Nf6 2. Nf3 g6 3. c4 Bg7 4. Nc3 d6 5. g3 O-O 6. Bg2 c6 7. O-O Qa5 8. e4 e5
9. d5 cxd5 10. cxd5 b5 11. Nd2 b4 12. Ncb1 Ba6 13. Nb3 Qa4 14. Re1 Rc8 15. a3
Bc4 16. N1d2 Bd3 17. axb4 Qxb4 18. Na5 Bh6 19. Qb3 Bxd2 20. Bxd2 Qxd2 21. Red1
Bc2 22. Rxd2 Bxb3 23. Nxb3 Nbd7 24. Na5 Nc5 25. f3 Rcb8 26. Ra3 Rb4 27. Nc6 Rc4
28. b4 Ncd7 29. Rda2 Rc1+ 30. Bf1 g5 31. Ra1 Rc2 32. R1a2 Rc1 33. Ra1 Rc2 34.
Rxa7 Rxa7 35. Rxa7 g4 36. fxg4 Nxe4 37. Rxd7 Ng5 38. Bg2 Rc1+ 39. Bf1 Rc2 40.
Ba6 Nf3+ 41. Kf1 Nxh2+ 42. Ke1 Nxg4 43. Rxd6 Ne3 44. Nxe5 Ng2+ 45. Kd1 Ne3+ 46.
Ke1 Ng2+ 47. Kf1 Ne3+ 48. Kg1 Rg2+ 49. Kh1 Rxg3 50. Rd8+ Kg7 51. d6 1-0

[Event "Karpos Open 2016"]
[Site "Skopje, MKD"]
[Date "2016.04.03"]
[Round "4"]
[Board "21"]
[White "Firat, Burak"]
[Black "Ilic, Ljubomir"]
[Result "1-0"]
[WhiteElo "2460"]
[BlackElo "2189"]
[PlyCount "37"]
[EventDate "2016.04.01"]
[EventRounds "9"]
[EventCountry "MKD"]

1. e4 d5 2. exd5 Qxd5 3. Nc3 Qa5 4. d4 Nf6 5. Bd2 c6 6. Nf3 Bg4 7. h3 Bxf3 8.
Qxf3 Qb6 9. O-O-O e6 10. g4 Nd5 11. Ne4 Nd7 12. g5 Qxd4 13. c4 Ne5 14. Qe2 Ba3
15. Ba5 Bxb2+ 16. Kb1 Nf4 17. Qc2 O-O 18. Rxd4 Bxd4 19. Qd2 1-0

[Event "Karpos Open 2016"]
[Site "Skopje, MKD"]
[Date "2016.04.03"]
[Round "4"]
[Board "22"]
[White "Ozen, Bahadir"]
[Black "Kanmazalp, Ogulcan"]
[Result "1-0"]
[WhiteElo "2221"]
[BlackElo "2444"]
[PlyCount "51"]
[EventDate "2016.04.01"]
[EventRounds "9"]
[EventCountry "MKD"]

1. Nf3 c5 2. g3 Nc6 3. Bg2 g6 4. O-O Bg7 5. c3 e5 6. e4 Nge7 7. a3 O-O 8. b4 d5
9. d3 dxe4 10. dxe4 Be6 11. Be3 cxb4 12. axb4 Qc7 13. Na3 a6 14. Ng5 Bd7 15.
Nc4 Nc8 16. Bc5 Re8 17. f4 b6 18. Bd6 Nxd6 19. Nxd6 Re7 20. f5 Bh6 21. Ngxf7
Rxf7 22. Nxf7 Kxf7 23. Qd5+ Ke7 24. f6+ Kf8 25. b5 Be3+ 26. Kh1 1-0

[Event "Karpos Open 2016"]
[Site "Skopje, MKD"]
[Date "2016.04.03"]
[Round "4"]
[Board "23"]
[White "Tosic, Miroslav"]
[Black "Burcu, Cagatay"]
[Result "0-1"]
[WhiteElo "2418"]
[BlackElo "2219"]
[PlyCount "108"]
[EventDate "2016.04.01"]
[EventRounds "9"]
[EventCountry "MKD"]

1. Nf3 Nf6 2. g3 d5 3. c4 c6 4. b3 Bf5 5. Bg2 e6 6. O-O Be7 7. d3 h6 8. Bb2
Nbd7 9. Nbd2 O-O 10. a3 a5 11. Bc3 Qb8 12. b4 e5 13. e4 Bh7 14. cxd5 cxd5 15.
bxa5 dxe4 16. dxe4 Rc8 17. Bb4 Bd8 18. Qe2 Bxa5 19. Qb5 Qc7 20. Bh3 Qc6 21. Qd3
Bxb4 22. axb4 Rxa1 23. Rxa1 g5 24. Ne1 g4 25. Bg2 Nf8 26. Qe3 Qc3 27. Qxc3 Rxc3
28. Ra5 Rc1 29. Kf1 Ne6 30. Nb3 Rb1 31. Nd2 Rc1 32. Nb3 Rb1 33. Nd2 Rxb4 34.
Rxe5 Ng5 35. Nd3 Ra4 36. Nc5 Ra1+ 37. Ke2 Rg1 38. Bf1 Nf3 39. Nxf3 gxf3+ 40.
Ke1 b6 41. Nb3 Bxe4 42. Nd2 Bd3 43. h3 Rh1 44. Re3 Be2 45. Rxf3 Bxf3 46. Nxf3
Ne4 47. Ke2 b5 48. Nd4 Nc3+ 49. Ke1 b4 50. Nb3 Ne4 51. Nc1 Rh2 52. Bc4 Nxf2 53.
Na2 Nd3+ 54. Kd1 Nb2+ 0-1

[Event "Karpos Open 2016"]
[Site "Skopje, MKD"]
[Date "2016.04.03"]
[Round "4"]
[Board "24"]
[White "Nikolovski, Nikola"]
[Black "Radovanovic, Nikola"]
[Result "1/2-1/2"]
[WhiteElo "2197"]
[BlackElo "2395"]
[PlyCount "68"]
[EventDate "2016.04.01"]
[EventRounds "9"]
[EventCountry "MKD"]

1. e4 d6 2. d4 Nf6 3. Nc3 Nbd7 4. f4 e5 5. Nf3 exd4 6. Qxd4 c6 7. Qf2 Be7 8.
Bd3 Nc5 9. O-O O-O 10. h3 b5 11. Be3 Nxd3 12. cxd3 b4 13. Na4 Ba6 14. Rfd1 Bb5
15. Qc2 Qa5 16. b3 Bxa4 17. bxa4 c5 18. d4 d5 19. dxc5 Nxe4 20. a3 b3 21. Qxb3
Bxc5 22. Kh2 Bxe3 23. Qxe3 Rfd8 24. Ne5 Qxa4 25. Rd4 Qe8 26. Rc1 f6 27. Nc6 Rd6
28. Nb4 Rad8 29. Rcd1 f5 30. Rxd5 Rxd5 31. Rxd5 Rxd5 32. Nxd5 Qe6 33. Qd4 h6
34. Nc7 Qd6 1/2-1/2

[Event "Karpos Open 2016"]
[Site "Skopje, MKD"]
[Date "2016.04.03"]
[Round "5"]
[Board "3"]
[White "Nedev, Trajko"]
[Black "Kozul, Zdenko"]
[Result "1-0"]
[WhiteElo "2474"]
[BlackElo "2600"]
[PlyCount "71"]
[EventDate "2016.04.01"]
[EventRounds "9"]
[EventCountry "MKD"]

1. e4 c5 2. Nf3 d6 3. d4 cxd4 4. Nxd4 Nf6 5. Nc3 Nc6 6. Bg5 e6 7. Qd2 a6 8.
O-O-O Bd7 9. f3 Be7 10. Kb1 O-O 11. h4 Rc8 12. g4 Nxd4 13. Qxd4 Qc7 14. h5 h6
15. Bh4 Rfd8 16. g5 hxg5 17. Bxg5 e5 18. Qf2 Ng4 19. Qd2 Bxg5 20. Qxg5 f6 21.
Qd2 Nh6 22. Nd5 Qc5 23. Ne7+ Kh7 24. Nxc8 Rxc8 25. Bh3 Bxh3 26. Rxh3 Nf7 27.
Rg3 Rc7 28. c3 Qc4 29. Rdg1 Ng5 30. Qxd6 Qf7 31. Rxg5 fxg5 32. Qxe5 Qd7 33.
Qxg5 Qd3+ 34. Ka1 Rf7 35. f4 Rd7 36. Qg6+ 1-0

[Event "Karpos Open 2016"]
[Site "Skopje, MKD"]
[Date "2016.04.03"]
[Round "5"]
[Board "4"]
[White "Svetushkin, Dmitry"]
[Black "Vojinovic, Goran"]
[Result "1-0"]
[WhiteElo "2562"]
[BlackElo "2449"]
[PlyCount "145"]
[EventDate "2016.04.01"]
[EventRounds "9"]
[EventCountry "MKD"]

1. d4 Nf6 2. c4 d6 3. Nc3 e5 4. Nf3 e4 5. Nd2 Bf5 6. Nb3 Nbd7 7. Bf4 Bg6 8. h3
Nh5 9. Be3 f5 10. g4 Nhf6 11. Rg1 c6 12. Bf4 d5 13. e3 fxg4 14. hxg4 Nb6 15. c5
Nc8 16. Nd2 Be7 17. b4 a6 18. Nb3 O-O 19. Be2 Ne8 20. Qd2 Nc7 21. Na5 Ra7 22.
a4 Ne6 23. Bg3 Bh4 24. Nb3 Bxg3 25. Rxg3 Ng5 26. Qb2 Qf6 27. Nd1 Ne7 28. b5
axb5 29. axb5 Rfa8 30. Rxa7 Rxa7 31. b6 Ra8 32. Kd2 Qe6 33. Kc1 Qd7 34. Qd2 Bf7
35. Kb2 Be6 36. Qe1 h6 37. Qh1 Ng6 38. Rg1 Qf7 39. Nd2 Nf8 40. Qh2 Nfh7 41. Qg3
Nf6 42. Nc3 Qf8 43. Rg2 Qb8 44. Qh4 Nfh7 45. Rg1 Bd7 46. Nb3 Nf6 47. Qh1 Nf7
48. Nd2 Ng5 49. Nf1 Ra5 50. Nd2 Ra8 51. Qg2 Nfh7 52. Kb3 Be6 53. Kb4 Bd7 54.
Nb3 Nf6 55. Na5 Be6 56. Qg3 Qxg3 57. Rxg3 Bc8 58. Nb1 Nf7 59. Nd2 g5 60. f3
exf3 61. Bxf3 Rb8 62. Nb1 Kf8 63. Nc3 h5 64. gxh5 g4 65. Bh1 Nxh5 66. Rg1 Ke7
67. e4 dxe4 68. Bxe4 Bd7 69. d5 Nf6 70. dxc6 Nxe4 71. c7 Rg8 72. Nxe4 Bc8 73.
Re1 1-0

[Event "Karpos Open 2016"]
[Site "Skopje, MKD"]
[Date "2016.04.03"]
[Round "5"]
[Board "5"]
[White "Sundararajan, Kidambi"]
[Black "Nikolov, Momchil"]
[Result "0-1"]
[WhiteElo "2474"]
[BlackElo "2559"]
[PlyCount "122"]
[EventDate "2016.04.01"]
[EventRounds "9"]
[EventCountry "MKD"]

1. d4 Nf6 2. c4 e6 3. Nf3 Bb4+ 4. Nbd2 O-O 5. e3 d5 6. a3 Be7 7. Bd3 b6 8. O-O
Bb7 9. b3 c5 10. Bb2 Nbd7 11. Qe2 Rc8 12. Rac1 Ne4 13. Rfd1 cxd4 14. exd4 Nxd2
15. Nxd2 Rc7 16. Nf1 Nf6 17. Ng3 Re8 18. Qe3 dxc4 19. bxc4 Bd6 20. h3 Qb8 21.
d5 exd5 22. Qg5 h6 23. Qf5 Bc8 24. Qf3 Be5 25. Bxe5 Rxe5 26. cxd5 Rxc1 27. Rxc1
Bd7 28. Nf5 Bxf5 29. Bxf5 Qd6 30. g3 g6 31. Be6 Kg7 32. Rc6 Re1+ 33. Kg2 Qe5
34. d6 Qxe6 35. d7 Qxd7 36. Rxf6 Re5 37. Rf4 Qd5 38. Qxd5 Rxd5 39. a4 h5 40. h4
Rc5 41. Kf1 Re5 42. Kg2 Kf8 43. Rc4 Rc5 44. Re4 Rc6 45. Kf1 Rd6 46. Kg2 a6 47.
Rc4 b5 48. axb5 axb5 49. Rc8+ Ke7 50. Rb8 Rd5 51. Kf3 Kd6 52. Ke4 Rf5 53. f3
Kc7 54. Ra8 b4 55. g4 Rb5 56. Ra2 b3 57. Rb2 Kd6 58. gxh5 gxh5 59. Kd4 Rb8 60.
Kc3 Kc5 61. f4 f5 {Kd4+} 0-1

[Event "Karpos Open 2016"]
[Site "Skopje, MKD"]
[Date "2016.04.03"]
[Round "5"]
[Board "6"]
[White "Polatel, Ali"]
[Black "Dvirnyy, Danyyil"]
[Result "0-1"]
[WhiteElo "2106"]
[BlackElo "2555"]
[PlyCount "118"]
[EventDate "2016.04.01"]
[EventRounds "9"]
[EventCountry "MKD"]

1. c4 c6 2. g3 d5 3. Nf3 Bg4 4. Bg2 e6 5. O-O Nf6 6. h3 Bxf3 7. Bxf3 Nbd7 8.
cxd5 exd5 9. d3 Bd6 10. Nc3 Qc7 11. e4 dxe4 12. dxe4 h5 13. Bg2 Nf8 14. Be3 Ne6
15. Rc1 Qe7 16. Re1 Rd8 17. Nd5 cxd5 18. exd5 O-O 19. dxe6 Bb4 20. Qb3 Bxe1 21.
Bc5 Qxe6 22. Qxe6 fxe6 23. Bxf8 Bxf2+ 24. Kxf2 Kxf8 25. Bxb7 Rd2+ 26. Ke3 Rxb2
27. Rc8+ Kf7 28. Rc7+ Kg6 29. a4 Rb3+ 30. Kf2 a5 31. Bc6 e5 32. Re7 Rc3 33. Bf3
Rc4 34. Rxe5 Rxa4 35. Rb5 Ra3 36. Kg2 Ra2+ 37. Kf1 Kh6 38. h4 g6 39. Rb7 a4 40.
Rf7 Ne8 41. Ra7 Ng7 42. Bd5 Rd2 43. Be4 Rd4 44. Bc2 Rc4 45. Bd3 Rg4 46. Kf2 Ne6
47. Bb5 Nc5 48. Kf3 Rb4 49. Be8 Rb3+ 50. Kg2 Rb6 51. Kh3 Rb3 52. Kh2 a3 53. Bf7
Rb7 54. Rxb7 Nxb7 55. Kh3 Nd6 56. Be6 Ne4 57. g4 Nc3 58. gxh5 gxh5 59. Kg3 a2
 0-1

[Event "Karpos Open 2016"]
[Site "Skopje, MKD"]
[Date "2016.04.03"]
[Round "5"]
[Board "7"]
[White "Enchev, Ivajlo"]
[Black "Pancevski, Filip"]
[Result "1-0"]
[WhiteElo "2470"]
[BlackElo "2500"]
[PlyCount "87"]
[EventDate "2016.04.01"]
[EventRounds "9"]
[EventCountry "MKD"]

1. Nf3 d6 2. d4 g6 3. c4 Bg7 4. e4 e5 5. Nc3 Bg4 6. d5 Nd7 7. Be2 h5 8. Bg5 f6
9. Be3 Bh6 10. Qd2 a5 11. O-O Bxe3 12. Qxe3 f5 13. exf5 gxf5 14. h3 Qe7 15. Qg5
Bxf3 16. Qg6+ Kd8 17. Bxf3 Nh6 18. Bxh5 Nf6 19. f4 e4 20. Bd1 Kd7 21. Ba4+ c6
22. Qg3 Kc7 23. dxc6 bxc6 24. Rac1 Nd7 25. Rfd1 Nc5 26. Qe3 Rhg8 27. Rd2 Qh4
28. Bxc6 Kxc6 29. Nb5 Rad8 30. Rcd1 Nf7 31. Nd4+ Kb7 32. Nxf5 Qf6 33. Nxd6+
Rxd6 34. Rxd6 Nxd6 35. Qxc5 Rd8 36. Qd5+ Kc8 37. Qc6+ Kb8 38. Qb6+ Kc8 39. Qa6+
Kb8 40. Qxa5 Nb7 41. Rxd8+ Nxd8 42. Qe5+ Qxe5 43. fxe5 Nc6 44. Kf2 1-0

[Event "Karpos Open 2016"]
[Site "Skopje, MKD"]
[Date "2016.04.03"]
[Round "5"]
[Board "8"]
[White "Valsecchi, Alessio"]
[Black "Berzinsh, Roland"]
[Result "1-0"]
[WhiteElo "2492"]
[BlackElo "2394"]
[PlyCount "119"]
[EventDate "2016.04.01"]
[EventRounds "9"]
[EventCountry "MKD"]

1. d4 d5 2. Nf3 Nf6 3. g3 e6 4. Bg2 c5 5. O-O Nc6 6. c4 dxc4 7. Ne5 Bd7 8. Na3
cxd4 9. Naxc4 Nxe5 10. Nxe5 Qb6 11. Nxd7 Nxd7 12. e3 dxe3 13. Bxe3 Bc5 14. Bxc5
Nxc5 15. Qd4 O-O 16. Rac1 Na6 17. Qxb6 axb6 18. Bxb7 Ra7 19. Bxa6 Rxa6 20. a3
Ra5 21. Rc6 Rb5 22. b4 g5 23. Rb1 Rb8 24. Rd1 Rf5 25. Rd3 g4 26. Rd4 h5 27. a4
Rb7 28. Kg2 Kf8 29. Rd2 Ke7 30. h3 Re5 31. hxg4 hxg4 32. Rd4 f5 33. b5 Re1 34.
Rdc4 Ra1 35. Rc1 Rxa4 36. Rh1 Kf6 37. Rh6+ Kg7 38. Rhxe6 Rb4 39. Rg6+ Kh7 40.
Rh6+ Kg7 41. Rcg6+ Kf8 42. Rh8+ Kf7 43. Rgh6 Re7 44. Rxb6 Kg7 45. Rc8 Rb1 46.
Rcc6 Rd7 47. Rb8 Re7 48. b6 Ree1 49. Rb7+ Kf8 50. Rc8+ Re8 51. Rxe8+ Kxe8 52.
Rb8+ Kf7 53. f4 gxf3+ 54. Kxf3 Rb4 55. Ke3 Kg7 56. Kd3 Kh7 57. Kc3 Rg4 58. Rc8
Rxg3+ 59. Kc4 Rg1 60. b7 1-0